000 00491nam a2200181Ia 4500
005 20250317122935.0
008 008 250317s9999 xx 000 0 eng d
037 _aTextbook
040 _aFMSL
_beng
_cFMSL
041 _aeng
_2eng
084 _aB2893 N6
_qFMSL
100 _aAckoff R L
_9735411
245 0 _aProgress in operations research
260 _aNY
_bNY, John Wiley
_c1966
300 _a505p
942 _cTB
_hB2893 N6
999 _c1249234
_d1249234